Statistics for History quiz-part 2

Click here to take the quiz!

General Stats

  • This quiz has been taken 15 times
  • The average score is 11 of 15

Answer Stats

HintAnswer% Correct
Who was the first president of the United States of America?George Washington
100%
Which US president was shot in Dallas in Cold War?John F. Kennedy
100%
What city in the United States was called New Amsterdam and was ruled by The Netherlands?New York
92%
which famous Dutch painter became known for his special painting skills, including his famous self-portrait, and cut off his ear?Vincent van Gogh
92%
who was born in Salzburg (Austria) and was a great composer in the 18th century?Wolfgang Amadeus Mozart
92%
On which places did two nuclear bombs drop that was the first
nuclear bombs ever to be used in a war?
Nagasaki/Hiroshima
85%
which English queen ruled from 1837 to 1901 and conquered a large empire?Victoria
85%
In what year was the Treaty of Versailles signed?1919
77%
In which year was the greatest tension in the Cold War between the United States and the Soviet Union when the Bay of Pigs invasion failed and Russia had to leave Cuba. Otherwise there would be major consequences?1961
77%
Who was the leader of the Japanese empire?Hirohito
77%
Which country became famous in the 15th century by the renaissance?Italy
77%
When did the Soviet Union fell down that led to the end of the Soviet Union?1991
69%
Who was the first leader of the peoples republic of China?Mao zedong
38%
How are the people called that lived from 30000-3000 B.C?Hunters and Farmers
15%
under whom the Republic of the Netherlands was proclaimed after the victory of the north of the Netherlands in the 80-year war against Spain?Willem van Oranje
15%

Score Distribution

Percentile by Number Answered

Percent of People with Each Score

Your Score History

You have not taken this quiz